Guru sebagai fasilitator

Bibliographic Details
Main Author: Salhah Abdullah
Format: Book
Published: Kuala Lumpur : PTS Professional , 2006
Subjects:

MARC

LEADER 00000cam a2200000 7i4500
001 0000012849
005 20080103.0
008 080103
020 |a 9833376126 
090 0 0 |a 371.102   |b SAL 
100 0 |a Salhah Abdullah 
245 1 0 |a Guru sebagai fasilitator   |c Salhah Abdullah 
260 |a Kuala Lumpur :   |b PTS Professional ,   |c 2006 
650 0 |a Effective teaching   |x Handbook manual 
650 0 |a Teachers-student relationship   |x Handbooks manual 
650 0 |a Teachers   |x Handbooks, manual 
650 0 |a Teachers   |x Training of   |x handbooks, manual 
999 |a 0000923878   |b Book   |c Adult Collection   |e Cawangan Bukit Gambir 
999 |a 0000923879   |b Book   |c Adult Collection   |e Cawangan Bukit Gambir 
999 |a 0000933114   |b Book   |c Adult Collection   |e Cawangan Tangkak 
999 |a 0000936468   |b Book   |c Adult Collection   |e Cawangan Bandar Tenggara 
999 |a 0001010905   |b Book   |c Adult Collection   |e Perbadanan Perpustakaan Awam Johor 
999 |a 0001010906   |b Book   |c Adult Collection   |e Perbadanan Perpustakaan Awam Johor 
999 |a 0001010907   |b Book   |c Adult Collection   |e Cawangan Taman Sri Lambak 
999 |a 0001010908   |b Book   |c Adult Collection   |e Perbadanan Perpustakaan Awam Johor 
999 |a 0001034499   |b Book   |c Adult Collection   |e Desa - PPAJ